000 00660nam a2200229 i 4500
001 C2-0125144
003 PPAK
005 20180727115014.0
008 970907s1979 xx |||| ||||| | may d
040 _aPPAK
_beng
_cPPAK
_erda
082 0 4 _a899.231
_223
090 0 0 _a899.231
_bTEL
_dKIH
245 0 0 _aTelur V egg
250 _aMansor Ahmad Saman ; Latiff Mohidin ; Latif Kamaluddin
264 1 _a[place of publication not identified] :
_b[publisher not identified] ,
_c1979
300 _a13 pages ;
_c28 cm
336 _2rdacontent
_atext
337 _2rdamedia
_aunmediated
338 _2rdacarrier
_avolume
650 1 0 _aMalay poetry
942 _ddc
_cB
999 _c36735
_d36735